000 00990nam a2200301Ia 4500
005 20220317001321.0
008 161108s9999 SP g 000 0 spa
020 _a8484539687
100 1 _aGao, Xingjian
_d1940-
245 1 3 _aLa montaña del alma
_cGao Xingjian ; traducción de Liao Yanping y José Ramón Monreal
250 _a8a. edición
300 _a651 páginas
_c22 cm
490 _aÉtnicos del bronce : francófonos del bronce
534 _tLingshan
586 _aPremio Nobel, 2000
650 1 4 _2LEMB
_aNovela china
_ySiglo XX
650 1 4 _2LEMB
_aLiteratura china
_ySiglo XX
650 1 4 _2LEMB
_aViajes en la literatura
_ySiglo XX
700 1 _aLiao, Yanping Monreal
_970606
700 1 _aJosé Ramón
_d1954-
_970607
942 _2loc
_cBKLIT
264 _aBarcelona
_bDel Bronce
336 _atexto
_btxt
_2rdacontent
337 _asin mediación
_bn
_2rdamedia
338 _avolumen
_bnc
_2rdacarrier
040 _aCO-BoRNBP
_bspa
_erda
_cCO-BoRNBP
084 _aN GAO1
999 _c6599
_d6599